Billiard / Pool Games - Statistics

General Stats
  • This quiz has been taken 201 times
  • The average score is 3 of 5
Answer Stats
Hint Answer % Correct
Eight Ball / "Solids and Stripes"
98%
Nine Ball
93%
Ten Ball
60%
Straight Pool
33%
Black Ball
9%
No matching quizzes found
Score Distribution
Percent of People with Each Score
Percentile by Number Answered
Your Score History
You have not taken this quiz